000 00876nma a22002177a 4500
005 20210325211004.0
006 g q ||
008 s2553 th tha d
041 _atha
090 _aCD2047
245 1 0 _aโครงการ อยู่กลดหมดทุกข์ สร้างสุขด้วยศีล 8 ณ วัดเทพธิดารามวรวิหาร [CD-ROM]
260 3 _aกรุงเทพฯ :
_bม.ป.พ.,
_c2553
300 _a1 แผ่น :
_b Sd., Col.
650 0 4 _aสมาธิ
650 0 4 _aการปฏิบัติธรรม
650 0 4 _aธรรม
850 _aNALT
942 _cCD
997 _c000000000067650
_kVC
998 _aนายนายสมเกียรติ หะรังศรี
999 _c67650
_d67650